000 00588nam a2200241Ia 4500
003 OSt
005 20220924144423.0
006 a|||||r|||| 00| 0
007 ta
008 220923b |||||||| |||| 00| 0 urd d
020 _c12
024 _a314229
037 _cTextual
040 _aARTS
_cARTS
_burd
041 _2urd
_aurd
082 _aO168,1N08,2, J3
100 _aMalsiyani Arsh
_9183845
245 0 _aChang-o-aahang
260 _c1953
650 _aURDU POETRY
942 _hO168,1N08,2, J3
_cTEXL
_2CC
999 _c456995
_d456995